[Event "Dieppe op 09th"]
[Site "Dieppe"]
[Date "2013.08.27"]
[Round "4"]
[White "Lafaurie, Pierre"]
[Black "Navrotescu, Catalin"]
[Result "0-1"]
[WhiteElo "2101"]
[BlackElo "2363"]
[PlyCount "44"]
[EventDate "2013.08.26"]
[EventType "swiss"]
[EventRounds "9"]
[EventCountry "FRA"]
[SourceTitle "EXT 2014"]
[Source "ChessBase"]
[SourceDate "2013.11.20"]
[SourceVersion "1"]
[SourceVersionDate "2013.11.20"]
[SourceQuality "1"]

1. d4 f5 2. Nc3 d5 3. Nf3 Nf6 4. Bf4 e6 5. e3 Bd6 6. Bd3 0-0 7. 0-0 Nc6 8. Ne2 b6 9. c3 Qe7 10. Bb5 Bd7 11. Ng3 Ne4 12. c4 a6 13. cxd5 axb5 14. dxc6 Bxc6 15. Bxd6 cxd6 16. Qb3 f4 17. Nxe4 Bxe4 18. Qxb5 Bxf3 19. gxf3 Ra5 20. Qxb6 Rh5 21. Qb3 Qg5+ 22. Kh1 Qh6 0-1

[Event "Tallinn CSIT 2nd"]
[Site "Tallinn"]
[Date "2010.07.06"]
[Round "5.6"]
[White "Lafaurie, Pierre"]
[Black "Ebner, Hubert"]
[Result "1/2-1/2"]
[WhiteElo "2125"]
[BlackElo "2200"]
[PlyCount "49"]
[EventDate "2010.07.03"]
[EventType "team-tourn"]
[EventRounds "6"]
[EventCountry "EST"]
[SourceTitle "EXT 2011"]
[Source "ChessBase"]
[SourceDate "2010.11.26"]
[SourceVersion "1"]
[SourceVersionDate "2010.11.26"]
[SourceQuality "1"]
[WhiteTeam "FSGT"]
[BlackTeam "ASKO"]
[WhiteTeamCountry "FRA"]
[BlackTeamCountry "AUT"]

1. d4 Nf6 2. Bg5 Ne4 3. h4 d5 4. e3 h6 5. Bf4 e6 6. Nd2 Nxd2 7. Qxd2 Bd6 8. Nf3 Nd7 9. Bd3 Qe7 10. Ne5 c6 11. c3 Nxe5 12. Bxe5 Bxe5 13. dxe5 Bd7 14. e4 f6 15. f4 0-0-0 16. 0-0-0 Rhf8 17. Qe3 Kb8 18. g3 fxe5 19. fxe5 Be8 20. exd5 cxd5 21. Rdf1 Bh5 22. Rh2 Rxf1+ 23. Bxf1 Bg6 24. Bd3 Bxd3 25. Qxd3 1/2-1/2

[Event "Cap d'Agde CCAS op"]
[Site "Cap d'Agde"]
[Date "2008.10.25"]
[Round "1"]
[White "Abergel, Thal"]
[Black "Lafaurie, Pierre"]
[Result "1-0"]
[WhiteElo "2509"]
[BlackElo "2133"]
[PlyCount "71"]
[EventDate "2008.10.25"]
[EventType "swiss"]
[EventRounds "9"]
[EventCountry "FRA"]
[SourceTitle "CBM 127 Extra"]
[Source "ChessBase"]
[SourceDate "2009.01.08"]
[SourceVersion "2"]
[SourceVersionDate "2009.01.28"]
[SourceQuality "1"]

1. e4 c5 2. Nc3 g6 3. d4 cxd4 4. Qxd4 Nf6 5. Bb5 a6 6. e5 axb5 7. exf6 Nc6 8. fxe7 Qxe7+ 9. Qe3 Nd4 10. Kd1 Bg7 11. Qxe7+ Kxe7 12. Nge2 d6 13. Nxd4 Bxd4 14. Nxb5 Be5 15. Re1 Be6 16. Nc7 Ra5 17. Nxe6 fxe6 18. Re4 Rf8 19. Ke2 Bg7 20. Rf4 Re5+ 21. Be3 b5 22. a4 Ra8 23. a5 Ra6 24. c3 Bh6 25. Rh4 Bxe3 26. Rxh7+ Kf6 27. fxe3 Rg5 28. g3 Ke5 29. Rb7 Ke4 30. Rb6 Ra8 31. Rxd6 e5 32. Rf6 Rh8 33. Rf2 Rf5 34. Raf1 Rd8 35. Rxf5 gxf5 36. a6 1-0

[Event "FRA-chT2 Nord 0708"]
[Site "France"]
[Date "2008.01.20"]
[Round "6.6"]
[White "Barthes, Christian"]
[Black "Lafaurie, Pierre"]
[Result "1/2-1/2"]
[WhiteElo "2124"]
[BlackElo "2124"]
[PlyCount "178"]
[EventDate "2007.10.21"]
[EventType "team-tourn"]
[EventRounds "11"]
[EventCountry "FRA"]
[SourceTitle "EXT 2009"]
[Source "ChessBase"]
[SourceDate "2008.11.26"]
[SourceVersion "1"]
[SourceVersionDate "2008.11.26"]
[SourceQuality "1"]
[WhiteTeam "Franconville"]
[BlackTeam "JEEN"]
[WhiteTeamCountry "FRA"]
[BlackTeamCountry "FRA"]

1. c4 c6 2. e4 d5 3. exd5 cxd5 4. d4 Nf6 5. Nc3 Nc6 6. Nf3 Bg4 7. Be2 e6 8. c5 Be7 9. 0-0 0-0 10. Bg5 h6 11. Be3 b6 12. Qa4 Rc8 13. b4 bxc5 14. bxc5 Qa5 15. Qxa5 Nxa5 16. Ne5 Bxe2 17. Nxe2 Nc6 18. Nxc6 Rxc6 19. Nf4 Ng4 20. Nd3 Nxe3 21. fxe3 f6 22. Rfb1 Rc7 23. Rb3 Rfc8 24. Rab1 Kf7 25. Rb8 Bd8 26. R1b7 Rxb7 27. Rxb7+ Rc7 28. Rb8 Be7 29. a4 Kg6 30. Kf2 Kf5 31. Kf3 e5 32. Nb4 Ke6 33. a5 f5 34. a6 e4+ 35. Ke2 Bxc5 36. dxc5 Rxc5 37. Rb7 Rc4 38. Kd2 f4 39. Nc2 fxe3+ 40. Nxe3 Ra4 41. Rxg7 Ra2+ 42. Ke1 d4 43. Nd1 e3 44. Rg3 Kf5 45. Nxe3+ dxe3 46. Rxe3 Rxa6 47. Rh3 Kg5 48. Rg3+ Kf4 49. Rh3 Re6+ 50. Kd1 a5 51. Kd2 Ra6 52. Kc2 a4 53. Kb2 Kg4 54. Rg3+ Kf4 55. Rh3 Kg4 56. Rg3+ Kf5 57. Rf3+ Ke4 58. Rh3 a3+ 59. Ka2 Kf4 60. Rf3+ Kg4 61. Rg3+ Kf4 62. Rf3+ Ke4 63. Rh3 Kd4 64. Rg3 Ra5 65. Rh3 h5 66. Rg3 Ke4 67. Rh3 Kf4 68. Rf3+ Kg5 69. Rg3+ Kf4 70. Rf3+ Ke4 71. Rh3 Kd4 72. Rg3 Ra4 73. Rh3 Ra5 74. Rg3 Ke4 75. Rh3 Kf4 76. Rf3+ Ke4 77. Rg3 Rd5 78. Kxa3 Rd3+ 79. Rxd3 Kxd3 80. Kb3 h4 81. g3 h3 82. g4 Ke4 83. g5 Kf5 84. g6 Kxg6 85. Kc3 Kg5 86. Kd3 Kf4 87. Ke2 Ke4 88. Kf2 Kf4 89. Ke2 Kg5 1/2-1/2

[Event "FRA-chT2 Nord 0708"]
[Site "France"]
[Date "2008.01.19"]
[Round "5.2"]
[White "Bouhallel, Rabah"]
[Black "Lafaurie, Pierre"]
[Result "1/2-1/2"]
[WhiteElo "2287"]
[BlackElo "2124"]
[PlyCount "106"]
[EventDate "2007.10.21"]
[EventType "team-tourn"]
[EventRounds "11"]
[EventCountry "FRA"]
[SourceTitle "EXT 2009"]
[Source "ChessBase"]
[SourceDate "2008.11.26"]
[SourceVersion "1"]
[SourceVersionDate "2008.11.26"]
[SourceQuality "1"]
[WhiteTeam "Lille"]
[BlackTeam "JEEN"]
[WhiteTeamCountry "FRA"]
[BlackTeamCountry "FRA"]

1. e4 g6 2. d4 Bg7 3. Nc3 d6 4. Nf3 a6 5. Bc4 e6 6. a4 b6 7. 0-0 Ne7 8. Re1 Nd7 9. Ne2 Bb7 10. Ng3 0-0 11. c3 c5 12. Bf4 cxd4 13. cxd4 d5 14. exd5 Nxd5 15. Bg5 N7f6 16. Ne4 Qb8 17. Ned2 Ra7 18. Ne5 Qa8 19. Bf1 h6 20. Bh4 Nf4 21. f3 Bd5 22. Ndc4 Rb8 23. Qd2 g5 24. Bf2 Nd7 25. h4 f6 26. Ng4 Rc7 27. Nge3 Bc6 28. Bg3 Rd8 29. b4 e5 30. Rad1 Bxa4 31. Qa2 Kh8 32. Qxa4 b5 33. Qa5 Rxc4 34. Bxc4 bxc4 35. dxe5 Nd3 36. Re2 gxh4 37. Bxh4 N7xe5 38. f4 Nc6 39. Qf5 Nd4 40. Qg4 Nxe2+ 41. Qxe2 Qe4 42. Qf3 Qxf3 43. gxf3 Rd4 44. Nxc4 Rxc4 45. Rxd3 Rxb4 46. Bg3 Kh7 47. Rd7 h5 48. Kg2 Rb6 49. Ra7 f5 50. Bh4 Kg6 51. Kh3 Bc3 52. Bg5 a5 53. Bd8 Rc6 1/2-1/2

[Event "Syre Memorial op 30th"]
[Site "Issy les Moulineaux"]
[Date "2007.05.19"]
[Round "5"]
[White "Payen, Arnaud"]
[Black "Lafaurie, Pierre"]
[Result "1-0"]
[WhiteElo "2378"]
[BlackElo "2126"]
[PlyCount "69"]
[EventDate "2007.05.17"]
[EventType "swiss"]
[EventRounds "6"]
[EventCountry "FRA"]
[SourceTitle "EXT 2008"]
[Source "ChessBase"]
[SourceDate "2007.11.25"]
[SourceVersion "1"]
[SourceVersionDate "2007.11.25"]
[SourceQuality "1"]

1. d4 d5 2. c4 e6 3. Nf3 c6 4. Qb3 Bd6 5. Bg5 f6 6. Bh4 Ne7 7. Bg3 Nf5 8. Bxd6 Qxd6 9. Nc3 Nd7 10. e4 Ne7 11. Bd3 e5 12. dxe5 fxe5 13. cxd5 Nc5 14. Qc2 0-0 15. Rd1 Kh8 16. Be2 Qg6 17. b4 Nd7 18. d6 Ng8 19. 0-0 Ngf6 20. Nh4 Qg5 21. g3 Nh5 22. Bxh5 Qxh5 23. Rd2 Nf6 24. f3 Be6 25. Na4 b5 26. Nc5 Bc4 27. Rff2 Rad8 28. Qc3 Qe8 29. Nf5 Rf7 30. d7 Qf8 31. Nd6 Re7 32. Nxc4 bxc4 33. Rf1 Nxd7 34. Rfd1 Qe8 35. Rd6 1-0

[Event "Syre Memorial op 30th"]
[Site "Issy les Moulineaux"]
[Date "2007.05.17"]
[Round "2"]
[White "Lafaurie, Pierre"]
[Black "Smith, Matthieu"]
[Result "1-0"]
[WhiteElo "2123"]
[BlackElo "2003"]
[PlyCount "93"]
[EventDate "2007.05.17"]
[EventType "swiss"]
[EventRounds "6"]
[EventCountry "FRA"]
[SourceTitle "EXT 2008"]
[Source "ChessBase"]
[SourceDate "2007.11.25"]
[SourceVersion "1"]
[SourceVersionDate "2007.11.25"]
[SourceQuality "1"]

1. d4 d5 2. Nf3 Nf6 3. e3 e6 4. Bd3 Be7 5. Nbd2 0-0 6. 0-0 b6 7. Ne5 c5 8. b3 Bb7 9. Bb2 Nbd7 10. f4 Ne4 11. Nxe4 dxe4 12. Bc4 Nf6 13. f5 exf5 14. Rxf5 cxd4 15. Bxd4 Bd5 16. Ng4 Bxc4 17. Nxf6+ Bxf6 18. Rxf6 Be6 19. Qh5 Qd5 20. Qh4 Rfd8 21. c4 Qb7 22. Qg3 Kf8 23. Rf4 f5 24. Rh4 Kg8 25. Qh3 h6 26. Rxh6 gxh6 27. Qxh6 Rxd4 28. Qxe6+ Qf7 29. Qxf7+ Kxf7 30. exd4 Ke6 31. g3 Rd8 32. Rd1 f4 33. d5+ Kf5 34. Kf2 Rh8 35. h4 fxg3+ 36. Kxg3 Rg8+ 37. Kf2 Kf4 38. d6 e3+ 39. Ke2 Ke4 40. Rd5 Rg2+ 41. Ke1 Rg1+ 42. Ke2 Rg2+ 43. Ke1 Rg1+ 44. Ke2 Rg2+ 45. Kf1 Rf2+ 46. Ke1 Rg2 47. d7 1-0

[Event "FRA-chT2 West 0607"]
[Site "France"]
[Date "2007.04.01"]
[Round "11.4"]
[White "Lemasle, Raphael"]
[Black "Lafaurie, Pierre"]
[Result "1/2-1/2"]
[WhiteElo "2054"]
[BlackElo "2127"]
[PlyCount "134"]
[EventDate "2006.10.15"]
[EventType "team-tourn"]
[EventRounds "11"]
[EventCountry "FRA"]
[SourceTitle "EXT 2008"]
[Source "ChessBase"]
[SourceDate "2007.11.25"]
[SourceVersion "1"]
[SourceVersionDate "2007.11.25"]
[SourceQuality "1"]
[WhiteTeam "Guingamp II"]
[BlackTeam "JEEN"]
[WhiteTeamCountry "FRA"]
[BlackTeamCountry "FRA"]

1. e4 c5 2. Nf3 Nc6 3. Bb5 g6 4. 0-0 Bg7 5. c3 Nf6 6. d4 cxd4 7. cxd4 d5 8. e5 Ne4 9. Nc3 Bg4 10. h3 Bxf3 11. Qxf3 Nxc3 12. Bxc6+ bxc6 13. Qxc3 Qb6 14. b3 f6 15. Be3 0-0 16. Rac1 Rfc8 17. f4 f5 18. Rc2 e6 19. Qc5 Qa6 20. Qc3 Bf8 21. b4 Qa4 22. Rb1 Rab8 23. Rcb2 a6 24. Rb3 Qxa2 25. R1b2 Qa4 26. Bd2 Qb5 27. Ra3 c5 28. Ra5 cxd4 29. Qxc8 Rxc8 30. Rxb5 axb5 31. Kf2 Rc4 32. Ke2 Kf7 33. Kd3 h5 34. h4 Ke8 35. g3 Kd7 36. Rb1 Kc6 37. Rb3 Be7 38. Rb1 Kb7 39. Rb3 Bd8 40. Rb1 Kb6 41. Rb3 Kb7 42. Rb1 Bb6 43. Rb3 Rc8 44. Ra3 Kc6 45. Ra2 Kb7 46. Ra3 Bd8 47. Ra1 Be7 48. Ra3 Rc4 49. Rb3 Kb6 50. Rb1 Kb7 51. Rb3 Rc8 52. Ra3 Bd8 53. Ra1 Rc7 54. Rc1 Rc4 55. Rb1 Rc6 56. Ra1 Rc7 57. Rc1 Rxc1 58. Bxc1 Kc6 59. Bd2 Bc7 60. Be1 Bd8 61. Bf2 Be7 62. Be1 Bd8 63. Bf2 Kb7 64. Be1 Kc6 65. Bd2 Kd7 66. Be1 Bb6 67. Bf2 Bd8 1/2-1/2

[Event "FRA-chT2 West 0607"]
[Site "France"]
[Date "2007.03.31"]
[Round "10.2"]
[White "Maupin, Jean Paul"]
[Black "Lafaurie, Pierre"]
[Result "0-1"]
[WhiteElo "2126"]
[BlackElo "2127"]
[PlyCount "80"]
[EventDate "2006.10.15"]
[EventType "team-tourn"]
[EventRounds "11"]
[EventCountry "FRA"]
[SourceTitle "EXT 2008"]
[Source "ChessBase"]
[SourceDate "2007.11.25"]
[SourceVersion "1"]
[SourceVersionDate "2007.11.25"]
[SourceQuality "1"]
[WhiteTeam "Agneaux Saint Lo"]
[BlackTeam "JEEN"]
[WhiteTeamCountry "FRA"]
[BlackTeamCountry "FRA"]

1. e4 c5 2. Nf3 Nc6 3. d4 cxd4 4. Nxd4 g6 5. Be3 Nf6 6. Nc3 Bg7 7. Be2 0-0 8. Nb3 a5 9. a4 Nb4 10. 0-0 d5 11. exd5 Nfxd5 12. Nxd5 Nxd5 13. Bd4 e5 14. Bc5 Re8 15. Bb5 Be6 16. Bxe8 Qxe8 17. Qd2 b6 18. Be3 Qc6 19. Rfc1 Rc8 20. Qd1 Nxe3 21. fxe3 Bh6 22. Qe2 Bc4 23. Qd2 Qe4 24. Re1 Bxb3 25. c3 Kg7 26. Kh1 Bg5 27. Qe2 Bxa4 28. Rac1 Bb3 29. Kg1 Rd8 30. c4 Rd3 31. Rc3 Rxc3 32. bxc3 Bxc4 33. Qd2 b5 34. Kh1 a4 35. Qd7 Bd5 36. Qh3 a3 37. Ra1 a2 38. Qg3 Qb1+ 39. Qe1 Qxe1+ 40. Rxe1 Bxe3 0-1

[Event "FRA-chT2 West 0607"]
[Site "France"]
[Date "2007.01.21"]
[Round "6.2"]
[White "Blot, Jerome"]
[Black "Lafaurie, Pierre"]
[Result "1-0"]
[WhiteElo "2329"]
[BlackElo "2127"]
[PlyCount "57"]
[EventDate "2006.10.15"]
[EventType "team-tourn"]
[EventRounds "11"]
[EventCountry "FRA"]
[SourceTitle "EXT 2008"]
[Source "ChessBase"]
[SourceDate "2007.11.25"]
[SourceVersion "1"]
[SourceVersionDate "2007.11.25"]
[SourceQuality "1"]
[WhiteTeam "Le Mans"]
[BlackTeam "JEEN"]
[WhiteTeamCountry "FRA"]
[BlackTeamCountry "FRA"]

1. d4 g6 2. c4 Bg7 3. e4 d6 4. Nc3 e5 5. d5 f5 6. Bd3 Nf6 7. exf5 gxf5 8. Nge2 0-0 9. Ng3 e4 10. Be2 c6 11. 0-0 cxd5 12. cxd5 Na6 13. Bf4 Qb6 14. Nb5 Ne8 15. Qd2 Bd7 16. a4 Bxb5 17. axb5 Nc5 18. Ra3 Nc7 19. b4 Nd3 20. Bxd3 exd3 21. Rxd3 Nxb5 22. Nh5 Be5 23. Bxe5 dxe5 24. d6 f4 25. Qe2 Rac8 26. Qg4+ Kf7 27. Qf5+ Kg8 28. Qg5+ Kf7 29. Qf6+ 1-0

[Event "FRA-chT2 West 0607"]
[Site "France"]
[Date "2006.11.26"]
[Round "2.2"]
[White "Carvallo, Henri"]
[Black "Lafaurie, Pierre"]
[Result "1-0"]
[WhiteElo "2169"]
[BlackElo "2118"]
[PlyCount "63"]
[EventDate "2006.10.15"]
[EventType "team-tourn"]
[EventRounds "11"]
[EventCountry "FRA"]
[SourceTitle "EXT 2008"]
[Source "ChessBase"]
[SourceDate "2007.11.25"]
[SourceVersion "1"]
[SourceVersionDate "2007.11.25"]
[SourceQuality "1"]
[WhiteTeam "Tours"]
[BlackTeam "JEEN"]
[WhiteTeamCountry "FRA"]
[BlackTeamCountry "FRA"]

1. d4 g6 2. Nf3 Bg7 3. Bf4 c5 4. e3 Qb6 5. Nc3 cxd4 6. exd4 d6 7. Be2 Nf6 8. Qd2 0-0 9. 0-0-0 Nbd7 10. Bh6 e5 11. Bxg7 Kxg7 12. h4 h5 13. Ng5 Nb8 14. dxe5 dxe5 15. Nce4 Nxe4 16. Nxe4 Nc6 17. Bxh5 Bf5 18. Bf3 Rfd8 19. Nd6 Nd4 20. Nxf5+ Nxf5 21. Qe2 Qa5 22. Kb1 Nd4 23. Qe4 Rac8 24. a3 Nf5 25. Qe2 f6 26. h5 g5 27. Bg4 Rxd1+ 28. Rxd1 e4 29. Qxe4 Rc5 30. Bxf5 Rxf5 31. Qe7+ Kh6 32. Qf7 1-0

[Event "FRA-ch op-A"]
[Site "Chartres"]
[Date "2005.08.21"]
[Round "6"]
[White "Lafaurie, Pierre"]
[Black "Pieroni, Guillaume"]
[Result "1/2-1/2"]
[WhiteElo "2144"]
[BlackElo "2097"]
[PlyCount "27"]
[EventDate "2005.08.15"]
[EventType "swiss"]
[EventRounds "11"]
[EventCountry "FRA"]
[SourceTitle "EXT 2006"]
[Source "ChessBase"]
[SourceDate "2005.11.24"]
[SourceVersion "1"]
[SourceVersionDate "2005.11.24"]
[SourceQuality "1"]

1. d4 e6 2. Nf3 Nf6 3. c4 d5 4. g3 Be7 5. Bg2 0-0 6. 0-0 Nbd7 7. Nbd2 c5 8. b3 b6 9. Bb2 Bb7 10. Rc1 Rc8 11. Ne5 cxd4 12. Bxd4 Nxe5 13. Bxe5 Qd7 14. cxd5 1/2-1/2

[Event "Syre Memorial op 28th"]
[Site "Issy les Moulineaux"]
[Date "2005.05.05"]
[Round "1"]
[White "Lafaurie, Pierre"]
[Black "Draoui, Najib"]
[Result "0-1"]
[WhiteElo "2116"]
[BlackElo "2373"]
[PlyCount "74"]
[EventDate "2005.05.05"]
[EventType "swiss"]
[EventRounds "6"]
[EventCountry "FRA"]
[SourceTitle "EXT 2007"]
[Source "ChessBase"]
[SourceDate "2006.11.23"]
[SourceVersion "1"]
[SourceVersionDate "2006.11.23"]
[SourceQuality "1"]

1. d4 d5 2. c4 c6 3. Nf3 Nf6 4. cxd5 cxd5 5. Nc3 Nc6 6. Bf4 a6 7. e3 Bg4 8. Be2 Bxf3 9. Bxf3 e6 10. 0-0 Bd6 11. Bxd6 Qxd6 12. Na4 0-0 13. Rc1 Rfe8 14. Nc5 Re7 15. g3 Rc7 16. Nd3 Rac8 17. Qd2 Ne4 18. Bxe4 dxe4 19. Nc5 Ne5 20. Qe2 Nf3+ 21. Kg2 Qd5 22. h3 Qh5 23. g4 Qg6 24. Rc3 h5 25. Nxe4 hxg4 26. Ng3 Rxc3 27. bxc3 Nh4+ 28. Kh2 f5 29. c4 Rf8 30. d5 e5 31. c5 f4 32. exf4 exf4 33. Nh1 Nf3+ 34. Kg2 gxh3+ 35. Kxh3 Qh5+ 36. Kg2 Nh4+ 37. Kg1 Qxe2 0-1

[Event "Issy les Moulineaux tt"]
[Site "Issy les Moulineaux"]
[Date "2005.03.22"]
[Round "4"]
[White "Lafaurie, Pierre"]
[Black "Guerin, Francois"]
[Result "1/2-1/2"]
[WhiteElo "2100"]
[BlackElo "2177"]
[PlyCount "22"]
[EventDate "2004.11.21"]
[EventType "team-tourn"]
[EventRounds "7"]
[EventCountry "FRA"]
[SourceTitle "EXT 2007"]
[Source "ChessBase"]
[SourceDate "2006.11.23"]
[SourceVersion "1"]
[SourceVersionDate "2006.11.23"]
[SourceQuality "1"]

1. d4 Nf6 2. c4 g6 3. Nc3 d5 4. Bf4 Bg7 5. e3 c5 6. dxc5 Qa5 7. Rc1 dxc4 8. Bxc4 0-0 9. Nge2 Qxc5 10. Qb3 Na6 11. 0-0 Qb4 1/2-1/2

[Event "FRA-ch op-A"]
[Site "Chartres"]
[Date "2005.??.??"]
[Round "4"]
[White "Bolon, Karelle"]
[Black "Lafaurie, Pierre"]
[Result "1/2-1/2"]
[WhiteElo "2064"]
[BlackElo "2144"]
[PlyCount "40"]
[EventDate "2005.08.15"]
[EventType "swiss"]
[EventRounds "11"]
[EventCountry "FRA"]
[SourceTitle "EXT 2006"]
[Source "ChessBase"]
[SourceDate "2005.11.24"]
[SourceVersion "1"]
[SourceVersionDate "2005.11.24"]
[SourceQuality "1"]

1. e4 c5 2. Nc3 Nc6 3. Bb5 Nd4 4. Nf3 Nxb5 5. Nxb5 g6 6. 0-0 Bg7 7. c4 a6 8. Nc3 e5 9. d3 Ne7 10. Rb1 d6 11. b4 b6 12. Qb3 Bg4 13. Ne1 0-0 14. Nc2 Rb8 15. Ne3 Be6 16. Ned5 Nc6 17. Qa4 Nd4 18. bxc5 dxc5 19. Qxa6 Qh4 20. f3 Ra8 1/2-1/2

[Event "Montigny le Bretonneux op 1st"]
[Site "Montigny le Bretonneux"]
[Date "2002.11.02"]
[Round "9"]
[White "Lafaurie, Pierre"]
[Black "Plantet, Marc"]
[Result "0-1"]
[WhiteElo "2072"]
[BlackElo "1910"]
[PlyCount "64"]
[EventDate "2002.10.25"]
[EventType "swiss"]
[EventRounds "9"]
[EventCountry "FRA"]
[SourceTitle "EXT 2008"]
[Source "ChessBase"]
[SourceDate "2007.11.25"]
[SourceVersion "1"]
[SourceVersionDate "2007.11.25"]
[SourceQuality "1"]

1. d4 e6 2. c4 b6 3. Nf3 Bb7 4. g3 Bb4+ 5. Bd2 Bxd2+ 6. Nbxd2 Nc6 7. Bg2 Nxd4 8. 0-0 Nxf3+ 9. Nxf3 Nf6 10. b4 0-0 11. Qb3 Qe7 12. Rfd1 d5 13. c5 bxc5 14. bxc5 Ba6 15. Qc2 Bc4 16. Ne5 Bb5 17. Rab1 Rfb8 18. Rb4 a5 19. Rb2 Nd7 20. Rdb1 Nxe5 21. Rxb5 Rxb5 22. Rxb5 Nc4 23. Qb3 h6 24. e4 c6 25. Rb7 Qxc5 26. Qc2 Qd4 27. Bf1 Nd2 28. exd5 cxd5 29. Bd3 Nf3+ 30. Kh1 Ne1 31. Bh7+ Kh8 32. Qb1 Qxf2 0-1

[Event "Montigny le Bretonneux op 1st"]
[Site "Montigny le Bretonneux"]
[Date "2002.10.25"]
[Round "1"]
[White "Hogrel, Nicolas"]
[Black "Lafaurie, Pierre"]
[Result "1-0"]
[WhiteElo "2090"]
[BlackElo "2072"]
[PlyCount "83"]
[EventDate "2002.10.25"]
[EventType "swiss"]
[EventRounds "9"]
[EventCountry "FRA"]
[SourceTitle "EXT 2008"]
[Source "ChessBase"]
[SourceDate "2007.11.25"]
[SourceVersion "1"]
[SourceVersionDate "2007.11.25"]
[SourceQuality "1"]

1. d4 d5 2. Nf3 Nf6 3. c4 dxc4 4. Nc3 a6 5. a4 Bf5 6. e3 Nc6 7. Bxc4 e6 8. 0-0 Bd6 9. Re1 e5 10. dxe5 Nxe5 11. Nxe5 Bxe5 12. e4 Qxd1 13. Nxd1 Be6 14. Ne3 0-0-0 15. Bxe6+ fxe6 16. Nc4 Bd4 17. Bf4 Rhf8 18. Re2 Rd7 19. Rc1 Ng4 20. Bg3 Kb8 21. h3 Nf6 22. Ne5 Bxe5 23. Bxe5 Rfd8 24. f3 Ne8 25. Kf2 Rd2 26. Bf4 Rxe2+ 27. Kxe2 b6 28. b4 Kb7 29. Ke3 c6 30. Rc4 Rd1 31. Rd4 Ra1 32. Rd8 Nf6 33. Rb8+ Ka7 34. Bc7 b5 35. axb5 axb5 36. Rf8 Rg1 37. g4 Rh1 38. Be5 Rb1 39. Rf7+ Ka6 40. Bd4 Rb3+ 41. Kf4 c5 42. Bxc5 1-0

[Event "Saint Quentin op 5th"]
[Site "Saint Quentin"]
[Date "2002.??.??"]
[Round "4"]
[White "Evtouchenko Boulongne, Nina"]
[Black "Lafaurie, Pierre"]
[Result "0-1"]
[WhiteElo "1700"]
[BlackElo "2076"]
[PlyCount "86"]
[EventDate "2002.04.21"]
[EventType "swiss"]
[EventRounds "9"]
[EventCountry "FRA"]
[SourceTitle "CBM 088 Extra"]
[Source "ChessBase"]
[SourceDate "2002.07.01"]
[SourceVersion "2"]
[SourceVersionDate "2002.07.01"]
[SourceQuality "1"]

1. e4 c5 2. Nc3 Nc6 3. g3 g6 4. Bg2 Bg7 5. Nge2 d6 6. 0-0 e6 7. d3 Nge7 8. Be3 Rb8 9. a4 0-0 10. Rb1 a6 11. f4 b5 12. axb5 axb5 13. d4 b4 14. Na4 cxd4 15. Nxd4 Qc7 16. Nxc6 Nxc6 17. b3 Ba6 18. Rf2 Rfc8 19. f5 Ne5 20. fxe6 fxe6 21. Bh3 Re8 22. Qd2 Qc6 23. Ba7 Ra8 24. Qe3 Bb7 25. Re1 Qc7 26. Bd4 Qe7 27. Qd2 Rf8 28. Bxe5 Rxf2 29. Qxf2 Bxe5 30. Qe3 Rf8 31. Rf1 Rxf1+ 32. Bxf1 Qf6 33. Kg2 Bd4 34. Qf4 Qxf4 35. gxf4 Bxe4+ 36. Kg3 Bxc2 37. Bb5 Bxb3 38. Kf3 Bd5+ 39. Ke2 Kf7 40. h3 Be4 41. Bd3 Bc6 42. Bc2 Bb5+ 43. Kd2 Kf6 0-1

[Event "Saint Quentin op 5th"]
[Site "Saint Quentin"]
[Date "2002.??.??"]
[Round "8"]
[White "Perrichon, Daniel"]
[Black "Lafaurie, Pierre"]
[Result "0-1"]
[WhiteElo "2010"]
[BlackElo "2076"]
[PlyCount "90"]
[EventDate "2002.04.21"]
[EventType "swiss"]
[EventRounds "9"]
[EventCountry "FRA"]
[SourceTitle "CBM 088 Extra"]
[Source "ChessBase"]
[SourceDate "2002.07.01"]
[SourceVersion "2"]
[SourceVersionDate "2002.07.01"]
[SourceQuality "1"]

1. f4 d5 2. b3 c5 3. Bb2 Nc6 4. e3 Nf6 5. Bb5 Qc7 6. Nf3 Bg4 7. d3 Qa5+ 8. Nc3 d4 9. Bxc6+ bxc6 10. Qd2 dxc3 11. Bxc3 Qa6 12. Ne5 Rd8 13. Qf2 Bc8 14. Qf3 Bb7 15. f5 c4 16. 0-0 c5 17. e4 cxd3 18. cxd3 e6 19. Ng4 Be7 20. Nxf6+ Bxf6 21. Bxf6 gxf6 22. fxe6 Qxe6 23. Qg3 Qd6 24. Qg7 Qd4+ 25. Kh1 Rf8 26. Qg4 Ke7 27. Rac1 Rg8 28. Qf3 Rg6 29. Rcd1 Rdg8 30. g3 Rh8 31. Rc1 Rd8 32. Rfd1 Rd7 33. Rc4 Qe5 34. Rdc1 Qd6 35. R1c3 Rg5 36. Qe3 h5 37. b4 cxb4 38. Rb3 a5 39. d4 Ba6 40. Rc1 Qxd4 41. Qxd4 Rxd4 42. Rc7+ Rd7 43. Rc1 Bb7 44. Re3 Re5 45. Rc4 f5 0-1

[Event "Paris op"]
[Site "Paris"]
[Date "1998.??.??"]
[Round "9"]
[White "Bakus, Michel"]
[Black "Lafaurie, Pierre"]
[Result "0-1"]
[WhiteElo "2170"]
[BlackElo "2115"]
[PlyCount "78"]
[EventDate "1998.07.??"]
[EventType "swiss"]
[EventRounds "9"]
[EventCountry "FRA"]
[SourceTitle "EXT 2000"]
[Source "ChessBase"]
[SourceDate "1999.11.16"]
[SourceVersion "1"]
[SourceVersionDate "1999.11.16"]
[SourceQuality "1"]

1. e4 d5 2. exd5 Qxd5 3. Nc3 Qa5 4. d4 c6 5. Bc4 Bf5 6. Nf3 e6 7. Ne5 Nf6 8. 0-0 Nbd7 9. f4 Be7 10. Kh1 Nxe5 11. fxe5 Nd5 12. Ne2 0-0 13. Bd2 Qc7 14. Bb3 Rfd8 15. c4 Nb6 16. Ba5 c5 17. d5 Qxe5 18. Ng3 Bg6 19. Qf3 exd5 20. cxd5 Qd6 21. Nf5 Bxf5 22. Qxf5 Qg6 23. Qf2 Bd6 24. Rad1 Re8 25. Bc3 f6 26. a4 Rad8 27. a5 Nd7 28. Qh4 Re2 29. Qh3 Ne5 30. Rde1 Rxe1 31. Rxe1 Nd3 32. Qe6+ Kh8 33. Bc2 c4 34. g3 h5 35. Qe2 Qf5 36. Kg2 Nxe1+ 37. Bxe1 Qxd5+ 38. Kf1 Qh1+ 39. Kf2 Bc5+ 0-1